Państwa w Europie - Statystyki

Ogólne statystyki
  • Ten quiz został rozwiązany 11 razy
  • Średni wynik to 43 z 45
Statystyki odpowiedzi
Państwo % Poprawnych
Andora
100%
Belgia
100%
Białoruś
100%
Bułgaria
100%
Czarnogóra
100%
Dania
100%
Estonia
100%
Finlandia
100%
Grecja
100%
Hiszpania
100%
Holandia
100%
Irlandia
100%
Islandia
100%
Litwa
100%
Łotwa
100%
Luksemburg
100%
Norwegia
100%
Polska
100%
Portugalia
100%
Rosja
100%
Rumunia
100%
Serbia
100%
Słowacja
100%
Słowenia
100%
Szwajcaria
100%
Szwecja
100%
Ukraina
100%
Wielka Brytania
100%
Włochy
100%
Austria
90%
Bośnia i Hercegowina
90%
Chorwacja
90%
Czechy
90%
Francja
90%
Kosowo
90%
Macedonia Północna
90%
Malta
90%
Mołdawia
90%
Niemcy
90%
Węgry
90%
Albania
80%
Liechtenstein
80%
San Marino
80%
Watykan
80%
Monako
70%
Nie znaleziono quizów pasujących do podanych kryteriów
Rozkład punktacji
Procent ludzi z każdym wynikiem
Percentyl według liczby udzielonych odpowiedzi
Twoja historia wyników
Nie rozwiązałeś tego quizu